000 01245nam a2200229Ia 4500
999 _c54176
_d54176
001 21232
003 GE_BSU
005 20211005135900.0
008 181216s2009||||ge |||||||||||||| ||geo||
040 _cGE_BSU
041 _ageo
080 _a341.226 ს-36
245 _aსაჰაერო სამართალი : ნორმატიული აქტების კრებული :
_bცვლილებებითა და დამატებებით 2009წლის 10 ივნისამდე.
264 _aთბილისი :
_bბონა კაუზა,
_c2009.
300 _a125 გვ. ;
_c20 სმ.
500 _aწინამდებარე წიგნში წარმოდგენილია ის ნორმატიული აქტები, რომლებიც არეგულირებენ საჰაერო სამართლში აღმოცენებულ ურთიერთობებს
541 _h13ლ.80თ.
653 _aსამართალი
653 _aსაჰაერო სამართალი
653 _aნორმატიული აქტების კრებული
942 _cBK
_2udc